书目信息 |
| 题名: |
方言笺疏
|
|
| 作者: | 钱绎撰集 | |
| 分册: | 下 | |
| 出版信息: | 上海 上海古籍出版社 1984.5 |
|
| 页数: | 456-898页 | |
| 开本: | 19cm | |
| 丛书名: | ||
| 单 册: | ||
| 中图分类: | H171 | |
| 科图分类: | ||
| 主题词: | 汉语方言 | |
| 电子资源: | ||
| ISBN: | ||
| 000 | 00544nam0 2200205 45 | |
| 001 | 0303180908 | |
| 005 | 20040427150708.5 | |
| 010 | @dCNY5.35@b精装 | |
| 091 | @a9186.27 | |
| 100 | @a20030318d1984 km y0chiy0120 ea | |
| 101 | 0 | @achi |
| 105 | @a z 000yy | |
| 200 | 1 | @a方言笺疏@h下@AFang Yan Jian Shu@f(清)钱绎撰集@F(Qing)Qian Yi Zhuan Ji |
| 210 | @a上海@c上海古籍出版社@d1984.5 | |
| 215 | @a456-898页@d19cm | |
| 606 | 0 | @a汉语方言 |
| 690 | @aH171@v3 | |
| 701 | 0 | @a钱绎撰集 |
| 801 | @aCN@bTSTC@c20030318 | |
| 905 | @dH171@e1:2@f1@b112291 | |
| 方言笺疏.下/(清)钱绎撰集.-上海:上海古籍出版社,1984.5 |
| 456-898页;19cm |
| ISBN (精装):CNY5.35 |
| ● |
| 相关链接 |
|
|
|
|
正题名:方言笺疏
索取号:H171/1:2
 
预约/预借
| 序号 | 登录号 | 条形码 | 馆藏地/架位号 | 状态 | 备注 |
| 1 | 0112291 | 000847686 | 第四借阅区/ [索取号:H171/1:2] | 在馆 | |
| 2 | 0112292 | 000847677 | 第二样本阅览室/ [索取号:H171/1:2] | 在馆 |